| 000 | 00359nam a2200145 a 4500 | ||
|---|---|---|---|
| 005 | 20140412111428.0 | ||
| 008 | 090224s19uu xx 00 eng d | ||
| 020 | _a2-7641-1776-0 | ||
| 050 |
_aER _bCi48 2005 |
||
| 100 | _aFonte, Isabel | ||
| 245 |
_aCinderella / _cIsabel Fonte. |
||
| 260 |
_aCanada : _bTormont, _c2005. |
||
| 300 | _a24p. | ||
| 999 |
_c106282 _d106282 |
||